Вырезки из газет со стихотворениями К. М. Фофанова и статьи о его похоронах

Доступно только в Электронных читальных залах Найти на картеНа карте
RUSMARC
00003741nac2a22002411x 450
001a6523c7a-cc51-4476-8329-694c306f92e6
00520131009112319.0
100##$a20130529l1911 k y0rusy50 ca
1010#$arus
102##$aRU
105##$ay z |||a|
2001#$aВырезки из газет со стихотворениями К. М. Фофанова и статьи о его похоронах
$j[1911]
$eС пометами А. Ф. Кони
215##$a2 листа
251##$cДело
300##$aГазетные вырезки
330##$aДокументальные материалы, отложившиеся в результате творческой деятельности А. Ф. Кони; Документальные материалы, собранные А. Ф. Кони для своих работ; К биографическим очеркам, мемуарам и другим работам А. Ф. Кони
461#0$10013a54f2e3-e9cf-409b-80fa-f0a9bd3c40cb
$12001
$aКони Анатолий Федорович, юрист, литератор, член академии наук, председатель Санкт-Петербургского окружного суда, член государственного совета
$1251
$cФонд
$1852
$j564
462#0$100178a475cd-a47d-4377-bff3-cee4b81de655
$12001
$aОпись дел фонда А. Ф. Кони за 1880-1931 гг.
$1251
$cОпись
$1852
$j1
600#1$aКони
$bА. Ф.
$f1844-1927
$gАнатолий Федорович
600#1$aФофанов
$bК. М.
$f1862-1911
$gКонстантин Михайлович
801#0$aRU
$bGA_RF
801#1$aRU
$bНПО Опыт
$c20130529
$2rusmarc
801#2$aRU
$bПБ им. Б.Н. Ельцина
$c20131009
$gRCR
$2rusmarc
852##$aГА РФ
$j391
937##$d38576346
$hПБ
035##$aRuPRLIB51001260
Формат отображения